000 00549nam a2200181 i 4500
001 84634
003 ES-MaACL
005 20230906175044.0
007 t|
008 041123s1969 sp ||||1| spa d
100 1 _aJanouch, Gustav.
_966044
245 1 0 _aConversaciones con Kafka /
_cGustavo Janouch ; [traducido por Bárbara Wickers de Sánchez-Rodrígo].
250 _a[1ª ed.].
260 _aBarcelona :
_b[Fontanella],
_c1969.
300 _a273 p. ;
_c19 cm.
700 1 _aWickers, Bárbara.
_9116738
852 _aES-MaACL
_jC-40383
_bR.70808
999 _c84634
_d84634